Statistics for Genshin impact banners

Click here to take the quiz!

General Stats

  • This quiz has been taken 1,226 times
    (98 since last reset)
  • The average score is 91 of 104

Answer Stats

VersionNamePhaseN. RerunAnswer% Correct
1.1Farewell of Snezhnaya1st phaseNEWTartaglia
97%
4.0Farewell of Snezhnaya2nd phase4th rerunTartaglia
97%
2.2Farewell of Snezhnaya1st phase2nd rerunTartaglia
97%
1.4Farewell of Snezhnaya2nd phase1st rerunTartaglia
97%
3.2Farewell of Snezhnaya2nd phase3rd rerunTartaglia
97%
1.0Ballad in Goblets1st phaseNEWVenti
95%
4.1Ballad in Goblets2nd phase4th rerunVenti
95%
2.6Ballad in Goblets1st phase2nd rerunVenti
95%
3.1Ballad in Goblets1st phase3rd rerunVenti
95%
1.4Ballad in Goblets1st phase1st rerunVenti
95%
3.3Oni's Royale1st phase2nd rerunArataki Itto
94%
2.3Oni's Royale2nd phaseNEWArataki Itto
94%
4.5Oni's Royale1st phase3rd rerunArataki Itto
94%
2.7Oni's Royale2nd phase1st rerunArataki Itto
94%
4.0Gentry of Hermitage2nd phase4th rerunZhongli
94%
1.1Gentry of Hermitage2nd phaseNEWZhongli
94%
1.5Gentry of Hermitage1st phase1st rerunZhongli
94%
3.0Gentry of Hermitage1st phase3rd rerunZhongli
94%
2.4Gentry of Hermitage2nd phase2nd rerunZhongli
94%
1.6Leaves in the Wind2nd phaseNEWKaedehara Kazuha
92%
4.5Leaves in the Wind2nd phase3rd reunKaedehara Kazuha
92%
3.7Leaves in the Wind2nd phase2nd rerunKaedehara Kazuha
92%
2.8Leaves in the Wind1st phase1st rerunKaedehara Kazuha
92%
2.5Reign of Serenity2nd phase1st rerunRaiden Shogun
91%
2.1Reign of Serenity1st phaseNEWRaiden Shogun
91%
4.3Reign of Serenity2nd phase3rd rerunRaiden Shogun
91%
3.3Reign of Serenity2nd phase2nd rerunRaiden Shogun
91%
3.1Secretum Secretorum2nd phase2nd rerunAlbedo
90%
2.3Secretum Secretorum1st phase1st rerunAlbedo
90%
1.2Secretum Secretorum1st phaseNEWAlbedo
90%
1.3Dance of Lanterns2nd phase1st Rate upKeqing
90%
2.4Invitation to Mundane Life1st phase1st rerunXiao
90%
1.3Invitation to Mundane Life1st phaseNEWXiao
90%
3.4Invitation to Mundane Life1st phase3rd rerunXiao
90%
2.7Invitation to Mundane Life1st phase2nd rerunXiao
90%
4.4Invitation to Mundane Life2nd phase4th rerunXiao
90%
3.0Adrift in the Harbor2nd phase2nd rerunGanyu
89%
3.6Adrift in the Harbor2nd phase3rd rerunGanyu
89%
1.2Adrift in the Harbor2nd phaseNEWGanyu
89%
2.4Adrift in the Harbor2nd phase1st rerunGanyu
89%
4.4The Moongrass' Enlightenment1st phase2nd rerunNahida
89%
3.6The Moongrass' Enlightenment1st phase1st rerunNahida
89%
3.2The Moongrass' Enlightenment1st phaseNEWNahida
89%
3.2Everbloom Violet2nd phase1st rerunYae Miko
89%
3.7Everbloom Violet1st phase2nd rerunYae Miko
89%
2.5Everbloom Violet1st phaseNEWYae Miko
89%
4.4Everbloom Violet2nd phase3rd rerunYae Miko
89%
3.7Tapestry of Golden Flames1st phase3rd rerunYoimiya
89%
2.0Tapestry of Golden Flames2nd phaseNEWYoimiya
89%
3.2Tapestry of Golden Flames1st phase2nd rerunYoimiya
89%
2.8Tapestry of Golden Flames2nd phase1st rerunYoimiya
89%
4.3Tapestry of Golden Flames2nd phase4th rerunYoimiya
89%
4.2Chanson Of Many Waters1st phaseNEWFurina
87%
2.2Moment of Bloom2nd phase1st rerunHu tao
87%
1.3Moment of Bloom3rd phaseNEWHu tao
87%
3.4Moment of Bloom2nd phase2nd rerunHu tao
87%
4.1Moment of Bloom1st phase3rd rerunHu tao
87%
4.5Decree Of The Deeps2nd phase1st rerunNeuvillette
87%
4.1Decree Of The Deeps1st phaseNEWNeuvillette
87%
3.8From Ashes Reborn2nd phase1st rerunWanderer
87%
4.6From Ashes Reborn2nd phase2nd rerunWanderer
87%
3.3From Ashes Reborn1st phaseNEWWanderer
87%
4.5Of Silken Clouds Woven1st phaseNEWChiori
86%
2.8Sparkling Steps1st phase2nd rerunKlee
86%
1.6Sparkling Steps1st phase1st rerunKlee
86%
3.8Sparkling Steps1st phase3rd rerunKlee
86%
1.0Sparkling Steps2nd phaseNEWKlee
86%
4.3In the Name of the Rosula1st phaseNEWNavia
86%
2.1Drifting Luminescence2nd phaseNEWSangonomiya Kokomi
86%
3.8Drifting Luminescence2nd phase3rd rerunSangonomiya Kokomi
86%
2.5Drifting Luminescence2nd phase1st rerunSangonomiya Kokomi
86%
3.0Drifting Luminescence2nd phase2nd rerunSangonomiya Kokomi
86%
4.4The Crane Soars Skyward1st phaseNEWXianyun
86%
3.5The Heron's Court2nd phase2nd rerunKamisato Ayaka
85%
2.6The Heron's Court2nd phase1st rerunKamisato Ayaka
85%
4.3The Heron's Court1st phase3rd rerunKamisato Ayaka
85%
2.0The Heron's Court1st phaseNEWKamisato Ayaka
85%
4.2Azure Excursion2nd phase2nd rerunKamisato Ayato
85%
3.3Azure Excursion2nd phase1st rerunKamisato Ayato
85%
2.6Azure Excursion1st phaseNEWKamisato Ayato
85%
4.0Conjuring Chiaroscuro1st phaseNEWLyney
85%
4.6Conjuring Chiaroscuro1st phase1st rerunLyney
85%
3.1Twirling Lotus2nd phaseNEWNilou
84%
3.6Twirling Lotus1st phase1st rerunNilou
84%
3.0Viridescent Vigil1st phaseNEWTighnari
84%
4.6The Hearth's Ashen Shadow1st phaseNEWArlecchino
82%
4.1Tempestuous Destiny2nd phaseNEWWriothesley
82%
3.7Caution in Confidence2nd phase1st rerunAlhaitham
81%
3.4Caution in Confidence1st phaseNEWAlhaitham
81%
4.6Immaculate Pulse2nd phase2nd rerunBaizhu
81%
3.6Immaculate Pulse2nd phaseNEWBaizhu
81%
4.2Immaculate Pulse1st phase1st rerunBaizhu
81%
4.2Twilight Arbiter2nd phase2nd rerunCyno
81%
3.1Twilight Arbiter1st phaseNEWCyno
81%
3.5Twilight Arbiter1st phase1st rerunCyno
81%
2.4The Transcendent One Returns1st phaseNEWShenhe
81%
3.5The Transcendent One Returns2nd phase1st rerunShenhe
81%
2.3Born of Ocean Swell1st phase1st rerunEula
80%
3.8Born of Ocean Swell1st phase2nd rerunEula
80%
1.5Born of Ocean Swell2nd phaseNEWEula
80%
2.7Discerner of Enigmas1st phaseNEWYelan
78%
4.0Discerner of Enigmas1st phase2nd rerunYelan
78%
3.4Discerner of Enigmas2nd phase1st rerunYelan
78%
3.5Auric Blaze1st phaseNEWDehya
76%

Score Distribution

Percentile by Number Answered

Percent of People with Each Score

Your Score History

You have not taken this quiz since the last reset